[Event "Dieren op"]
[Site "Dieren"]
[Date "1999.07.21"]
[Round "2"]
[White "Golod, Vitali"]
[Black "Delemarre, Jop"]
[Result "1-0"]
[WhiteElo "2568"]
[BlackElo "2365"]
[Annotator "Golod,V"]
[PlyCount "163"]
[EventDate "1999.07.20"]
[EventType "swiss"]
[EventRounds "9"]
[EventCountry "NED"]
[SourceTitle "CBM 071 Extra"]
[Source "ChessBase"]
[SourceDate "1999.09.14"]
[SourceVersion "1"]
[SourceVersionDate "1999.09.14"]
[SourceQuality "1"]

1. d4 d5 2. c4 c6 3. Nf3 e6 4. e3 f5 5. Bd3 $5 {/\0-0,b3,Ba3} Bd6 6. O-O Qf6 $6
{(><e5);/\Nd7,g5-g4->} (6... Nf6 $142 $5 7. b3 $140 {[%cal Gc1a3]} Qe7 {
[%csl Yd6,Ye7]}) 7. b3 $5 {[%cal Gc1a3] Besides,white has two options:} (7. Nc3
Nh6 8. b3 O-O 9. Bb2 Nd7 10. Qc1 {[%cal Gb2a3]} Qe7 11. a4 Rf6 12. Ba3 $14 {
1-0 Fine,R-Ulvestad,O/New York,1939/EXT 99 (42)}) ({and} 7. Bd2 $5 {[%cal
Gd2c3] /\8.Ne5} Nh6 8. Ne5 $1 {[%csl Rg7]} O-O 9. f4 Bd7 10. Qb3 {+/=/+/-;1-0
Sanguineti,R-Torres,J/Buenos Aires 1962/MCD (68)}) 7... Ne7 $146 ({Dubious:} 
7... g5 8. Ba3 Bc7 9. Nbd2 g4 10. Ne5 $1 $16) ({Can be recommended:} 7... Nd7
$5 8. Ba3 Bb8 $5 (8... Bxa3 $143 9. Nxa3 Nh6 (9... Ne7 10. b4 O-O 11. b5 $14 {
1/2-1/2 Michaelsen,N-Stangl,M/BL9596 1996/GER-chT (63)}) 10. Qc2 O-O 11. b4 a6
12. Qc3 Nf7 13. Rab1 g5 14. Nd2 Nd6 15. Nc2 $14 {1-0 Linauskas,D-Mikenas,A/
Vilnius 1995/CBM 49 ext (40)}) 9. Nbd2 Ne7 10. Qc2 g5 11. cxd5 cxd5 12. Bb5 a6
13. Bxd7+ Bxd7 14. Ne5 Nc6 15. Nxc6 Bxc6 $13 {0-1 Bachmayr,P-Stangl,M/Austria
1997/EXT 98 (42)}) 8. Ba3 Bc7 (8... Bxa3 $143 9. Nxa3 Nd7 10. b4 $14) 9. Nc3 ({
Dubious:} 9. b4 {in view of:} a6 {[%csl Ya6]}) 9... a5 {[%cal Gb8a6,Ga6b4]} 10.
Qc2 $1 {[%csl Rc7,Rf5][%cal Gc4d5]} Na6 (10... O-O $143 11. cxd5 exd5 12. Nb5
$1 Bxh2+ 13. Nxh2 cxb5 14. Bxb5 {+/=/+/-}) 11. cxd5 exd5 $1 (11... Nb4 {
is refuted by:} 12. Bxb4 $1 axb4 $140 13. Nb5 {[%csl Rc7]} Bb8 (13... Nxd5 14.
Nxc7+ (14. e4 $5) 14... Nxc7 15. e4 {+/=/+/-}) 14. d6 Nd5 15. Ne5 $1 (15. e4 $5
$16) 15... Bd7 16. Rac1 $16 cxb5 $140 $2 17. Qc8+ Qd8 (17... Bxc8 $4 18. Rxc8+
Qd8 19. Bxb5+ Kf8 20. Rxd8#) 18. Bxb5 $5 (18. Nxd7 $5 Bxd6 19. Qxb7 $16) 18...
Bxd6 (18... Bxb5 $4 19. Qxe6+ Ne7 20. Qf7#) 19. Qxb7 {[%csl Gb5,Gb7,Ge5,Re8]}
Bxe5 $8 20. Bxd7+ Ke7 21. Bc6+ Qc7 (21... Bc7 $2 22. Bxd5 $18) 22. dxe5 Qxb7
23. Bxb7 Rxa2 24. Bxd5 exd5 25. Rc7+ Ke6 26. f4 $18 {[%cal Gf1c1,Gc1c6]}) (
11... Nxd5 $6 12. Nxd5 (12. e4 $6 Nab4 $13) 12... exd5 13. Qc3 $14) 12. Bxe7
Qxe7 $8 (12... Kxe7 $4 13. Bxa6 Rxa6 14. Nxd5+ $18 {[%csl Gc2,Rc7]}) 13. Bxf5
Nb4 14. Qb1 O-O $1 $44 ({Senselessly:} 14... Rf8 $2 {because of:} 15. Bxc8 {
[%csl Rh7]} Rxc8 16. Qxh7 $18) 15. Bxh7+ Kh8 {/\16...Rf3 17.gxf3 Qh4->} 16. Ne5
$1 Bxe5 17. dxe5 Bg4 $1 {[%mdl 2048]} ({After:} 17... Qxe5 $2 18. Ne2 {[%cal
Ge2f4,Gf4g6]} Qh5 {[%csl Re2,Rh7]} 19. Bd3 {I just have a material advantage.}
(19. Nf4 $2 Qxh7 (19... Rxf4 $2 20. Bg6 Bf5 21. Bxh5 Bxb1 22. exf4 $18) 20.
Ng6+ Kg8 21. Ne7+ Kh8 22. Ng6+ $11)) 18. a3 Qxe5 ({Badly:} 18... Na6 19. f4
$140 g5 {[%csl Rc3,Rh7] because of:} 20. Bd3 $1 gxf4 21. Bxa6 Rxa6 22. Qg6 $40)
19. axb4 Qxc3 20. bxa5 (20. Rc1 $6 Qf6 $1 (20... Qxb4 $2 21. Ra4 Qd2 22. Rxg4
Qxf2+ 23. Kh1 $18) 21. f3 Bh5 $13 {[%csl Rh7][%cal Gg7g6,Ga5b4]}) 20... Rxa5
21. Rxa5 Qxa5 22. b4 $6 ({Good enough:} 22. Qc2 $5 {[%csl Yc2]}) 22... Qa3 23.
Bg6 Rf6 24. Bd3 ({Probably better is:} 24. Bc2 Qc3 $140 25. Bd1 {+/=/+/-})
24... Qc3 25. e4 $6 {Again inaccuracy.} (25. h3 $142) 25... dxe4 (25... d4 $6
26. e5 $36) 26. Bxe4 Qd4 $1 {[%csl Rf2][%cal Gg4e2]} 27. b5 $1 cxb5 (27... Be2
$2 {is refuyed by:} 28. bxc6 $1 {[%csl Rh8]} Bxf1 29. cxb7 Qxf2+ 30. Kh1 Rf8
31. b8=Q $18 {[%csl Rh8]}) 28. Qc2 {[%csl Rb7,Rh8][%cal Gh2h3]} Qc4 (28... b4
$6 29. Bxb7 $140 Be6 30. Rd1 $36 {[%csl Rh8]}) 29. Qxc4 $5 ({After:} 29. Qb1
Qd4 30. Qc2 Qc4 {-equality}) 29... bxc4 30. Bxb7 {[%mdl 4096]} Be2 $6 ({
Much better is:} 30... Bf5 $1 {[%csl Gf5]} 31. Rc1 (31. f3 $143 Rb6 32. Be4
Bxe4 33. fxe4 c3 34. Rc1 Re6 $11) 31... Rb6 32. Bf3 c3 {[%csl Rg1]} 33. Kf1 {
+/=/=}) 31. Re1 Rd6 (31... Bd3 $6 32. Re8+ Kh7 33. Be4+ {+/=/+/- R _|_}) 32. f4
$14 ({In my opinion more safely:} 32. f3 $5) 32... Rd2 33. Kf2 c3 34. Ke3 ({
After:} 34. Rxe2 c2 35. Rxd2 c1=Q 36. Rd8+ Kh7 37. Be4+ g6 38. Rd7+ Kh6 39. g3
{I have a minimal chance for win.}) 34... Bd1 35. Bf3 Bc2 {[%cal Gd2d3]} 36.
Ra1 ({More strongly:} 36. Rc1 $5) 36... Rd3+ 37. Ke2 Rd2+ 38. Ke3 $138 Rd3+ 39.
Ke2 Rd2+ 40. Ke1 Bf5 41. g4 $5 (41. Ra5 $143 g6 42. Rc5 Rd3 $14) 41... Be6 42.
Ra8+ Kh7 (42... Bg8 $2 43. Rc8 $16) 43. Be4+ ({Senselessly:} 43. f5 {in view
of:} Bc4 $1 (43... Bd5 $2 44. Bxd5 Rxd5 45. Rc8 Rd2 $6 (45... g6 $2 46. f6 $18)
(45... Rd3 $142 $16) 46. h4 Rd4 47. g5 Rxh4 $2 48. g6+ Kh6 49. Rh8+ Kg5 50.
Rxh4 Kxh4 51. f6 $18) 44. g5 Rd4 45. Bh5 $140 Re4+ 46. Kf2 $8 Rf4+ 47. Ke3 Rxf5
48. h4 Bf7 $11) 43... g6 44. f5 gxf5 45. gxf5 Rd4 (45... Bf7 $6 46. f6+ Kh6 47.
h4 Kh5 48. Ra7 Rd4 $5 (48... Bg6 $6 49. f7 Bxf7 50. Rxf7 Kxh4 51. Rc7 {with
some odds for win.}) 49. Bc2 Bc4 $14) (45... Bd5 $1 46. f6+ Bxe4 47. f7 Bd3 $3
{[%csl Re1] An interesting idea which was mentioned by Mikhalevski,V after the
game.} (47... Bxa8 $2 48. f8=Q $16 Rxh2 $140 $4 49. Qe7+ (49. Qxa8 $4 c2 $11 {
[%csl Gc2]}) 49... Kg8 50. Qd8+ Kf7 51. Qc7+ $18 {[%csl Rh2]}) 48. Re8 (48.
f8=Q $144 Re2+ 49. Kf1 (49. Kd1 $4 c2+ 50. Kc1 Re1+ $19) 49... Re8+ 50. Kf2
Rxf8+ 51. Rxf8 c2 52. Rc8 Kh6 $11) 48... Rxh2 $1 49. f8=Q (49. Rh8+ Kg6 50.
f8=N+ Kf7 $11) 49... Rh1+ 50. Kf2 Rf1+ 51. Ke3 Rxf8 52. Rxf8 c2 $11) 46. Bc2
Bf7 47. Ra7 Kg8 48. f6 Rd8 {[%csl Rf6][%cal Gd8e8,Ge8e6]} 49. Rc7 Bd5 ({
Now dubious:} 49... Re8+ $6 50. Kf2 $140 Re6 {because of:} 51. Rc8+ Re8 (51...
Be8 $4 52. Bb3 {[%csl Gb3,Re6,Rg8]}) 52. Rxc3 Re6 53. Rf3 $16 (53. Rc8+ $16))
50. Bh7+ Kh8 51. Bc2 Re8+ $2 {It is incomprehensible move.Logically:} (51...
Kg8 $11) 52. Kf2 Rf8 53. Rh7+ Kg8 54. Rg7+ Kh8 55. Rg6 Rd8 (55... Re8 $5 {
[%csl Re2][%cal Gd5c4]}) 56. Ke3 Bf7 57. Rg7 Rd2 58. Bf5 (58. Bd3 $142 Bg8 59.
Rc7 Rxh2 60. f7 Bxf7 61. Rxf7 {with some odds for win.}) 58... Rd5 59. Bd3 Rd7
60. Bg6 Be6 ({Interestingly,bat than badly:} 60... Re7+ {[%csl Rg7]} 61. Kd4
Rc7 62. Bc2 $1 {+/-/+-}) 61. Rxd7 (61. Re7 $143 Rxe7 62. fxe7 Bd7 63. h4 Kg7
64. h5 Kf6 65. e8=Q Bxe8 66. Bxe8 Kg7 $11 {[%csl Ge8,Yh8]}) 61... Bxd7 62. Kd3
$6 {Waste tempo,though after:} (62. Kd4 $142 Kg8 63. h4 Be8 $1 64. Bc2 Bh5 $1 {
[%cal Gg8f7]} 65. Ke5 Kf7 66. Bb3+ Kg6 $1 67. Ke6 Kh6 68. Ke7 Bg6 69. Bc2 Kh5 {
-also draw.} (69... Bh5 $11)) 62... Kg8 63. Kd4 $8 ({Differently after:} 63.
Kxc3 $2 Bf5 $1 64. Be8 Bd7 65. Bh5 Bg4 $11 {[%csl Yd7,Ge8,Yf5,Rf6,Yg4,Gg6,Gh2,
Gh5,Yh8][%cal Yg4f5,Yf5d7,Gh5g6,Gg6e8]}) ({or} 63. h4 $2 Bf5+ $1 64. Bxf5 Kf7
65. h5 Kxf6 66. h6 Kf7 {[%cal Gf7g8,Gg8h8]} 67. Bh7 Kf6 {[%cal Gf6g5]} 68. Be4
Kf7 $11) 63... Be8 $1 64. Bc2 Bh5 $1 65. Ke5 Kf7 66. Bb3+ Kf8 $4 {[%mdl 16384]
Gross error.} ({It is necessary:} 66... Kg6 $1 67. h4 $140 Kh6 68. Bc2 Bg6 69.
Kd6 Kh5 (69... Bxc2 $4 70. f7 Kg7 71. Ke7 $18) 70. Ke7 Kh6 $11) 67. Kf5 {
White's plan is:Bc2,h4-h5-h6,Bc2,Kf4-e3 -d4-c3(קc3) and next Kd4-e5-d6-e7
with easy win.} Be2 68. Bc2 Kf7 69. h4 $18 Bc4 (69... Bf3 $144 70. Kg5 Be2 71.
h5 $1 Bxh5 $140 72. Bb3+ $18) 70. h5 Kg8 71. h6 Bf7 (71... Kh7 $144 72. Kg5+
Kg8 73. Kf4 {[%csl Rc3][%cal Gf4e5,Ge5d4]}) 72. Ke5 Kh8 73. Kd4 Kg8 74. Kxc3
Kh8 75. Kd4 Kg8 76. Ke5 Kh8 77. Kd6 Bc4 78. Ke7 Bd5 79. Bg6 ({Slightly better
is:} 79. Bf5 {[%cal Gf5e6]} Bf7 $8 80. Bd7 ({After:} 80. Kxf7 $4 {-stalemate})
80... Bh5 (80... Ba2 81. Be6) 81. Be8) 79... Bc4 (79... Kg8 $143 80. Bf7+ $1
Bxf7 81. h7+) 80. Bf5 {[%cal Gf5e6]} Bf7 $8 81. Be6 (81. Bd7 {[%cal Gd7e8,
Gd7e6]}) 81... Bh5 82. Bd7 {Please pay your attention to the fantastic work of
the white bishop.} (82. Bd7 {[%cal Gd7e8]} Kh7 83. Be8 $18 (83. Bg4 $5 Bg6 84.
Bf5 Bxf5 85. f7 $18)) 1-0

[Event "Lost Boys op"]
[Site "Antwerp"]
[Date "1999.08.05"]
[Round "6"]
[White "Golod, Vitali"]
[Black "Dgebuadze, Alexandre"]
[Result "0-1"]
[WhiteElo "2568"]
[BlackElo "2510"]
[Annotator "Golod,V"]
[PlyCount "162"]
[EventDate "1999.07.30"]
[EventType "swiss"]
[EventRounds "9"]
[EventCountry "BEL"]
[SourceTitle "EXT 2000"]
[Source "ChessBase"]
[SourceDate "1999.11.16"]
[SourceVersion "1"]
[SourceVersionDate "1999.11.16"]
[SourceQuality "1"]

1. d4 e6 2. c4 d5 3. Nc3 c6 4. e3 f5 5. Bd3 $5 {White's plan is:Qc2,Nge2,f3,e4
with play on the centre and king side.} Nf6 6. Nge2 Bd6 7. Qc2 $5 {Besides
white has several options:} (7. f3 $5 {Is the main line.}) (7. O-O $5) (7. b3
$5 {see (first game in this variation) Kotov,A-Ragozin,V/Garga,1953/MCL (1-0)
(35)}) (7. a3) (7. Nf4 $6) ({and} 7. h3) 7... O-O ({Another line is:} 7... Ne4
$5 8. O-O O-O (8... a5 $2 9. f3 Nxc3 10. bxc3 O-O 11. a4 $14 {Hedman,E-Meyer,P/
Budapest,1995(1-0) (40)}) 9. f3 Nxc3 (9... Nf6 10. h3 $5 (10. e4 $143 fxe4 11.
fxe4 $140 Bxh2+ $1 12. Kxh2 Ng4+ 13. Kg1 Qh4 14. Rxf8+ Kxf8 15. Bf4 (15. Nf4
Qe1+ 16. Bf1 Qg3 {[%cal Gg3h2]} 17. Bd3 Qe1+ 18. Bf1 Qg3 $11) 15... Qf2+ 16.
Kh1 Qh4+ $11) 10... Nbd7 11. Bd2 Kh8 12. cxd5 Nxd5 13. Nxd5 $5 $14 {Terekhov,
A-Kobalija,M/St.Petersburg,1997 (0-1)(42)} (13. a3 $5 $14)) 10. bxc3 $5 (10.
Nxc3 Qf6 11. Bd2 Nd7 12. Rae1 $11 {Hernandez,R-Remon,A/Cienfuegos,1991 (0-1)
(34)}) 10... e5 11. dxe5 Bxe5 {+/=/= Hedman,E-Dock,L/Haninge,1997(1/2-1/2) (45)
}) 8. f3 {[%cal Ge3e4]} ({Slightly worse is:} 8. cxd5 {[%csl Rf5]} cxd5 9. Nb5
Nc6 $5 (9... Bb4+ 10. Bd2 Nc6 11. Bxb4 Nxb4 12. Qd2 Nxd3+ (12... Qa5 $6 13. O-O
$14) 13. Qxd3 a6 14. Nbc3 Qd6 {+/=/=}) 10. Nxd6 Nb4 11. Qb3 Nxd3+ 12. Qxd3 Qxd6
13. O-O Bd7 {1/2-1/2 Szymczak,Z-Matlak,M/Slupsk,1989 (13)}) 8... Na6 $5 {
[%cal Ga6b4]} ({Dubious:} 8... Kh8 9. Bd2 (9. b3 $5 Na6 10. a3 c5 11. O-O dxc4
12. bxc4 b6 13. Kh1 Bb7 14. Nb5 $14 {Wintzer,J-Stanetzek,C/Porz,1991(1-0)(38)})
9... c5 $6 10. cxd5 cxd4 11. Nxd4 Nxd5 12. Nxd5 exd5 13. O-O $14 {Hass,
R-Seifert,H/Mikolajki,1991(1-0)(22)}) 9. a3 Nc7 $6 ({Now that good enough:} 
9... Kh8 $5 10. Bd2 dxc4 11. Bxc4 Nc7 12. O-O (12. O-O-O $6 Qe7 13. e4 fxe4 14.
fxe4 e5 $15 {Rabinovich,A-Kaspi,A/Tel Aviv,1996(rapid) (0-1)(29)}) 12... e5 13.
dxe5 Bxe5 14. f4 Bd6 15. Ng3 Ng4 16. h3 Nh6 17. Rad1 Qh4 {1/2-1/2 Ibragimov,
I-Nikolaidis,I/Ikaria,1994(17)}) 10. O-O $6 $146 (10. c5 $5 {-was checked in
the previous game.} Be7 11. b4 Bd7 12. a4 a6 13. Bd2 Qb8 14. O-O {with
positional advantage of white. Hermann,U-Maierhofer,J/AUT,1997(1-0) (34)})
10... b6 $5 $11 {[%csl Yb6][%cal Yb6c5,Gc8a6]} 11. h3 ({After:} 11. e4 {
-black has a forced draw:} fxe4 12. fxe4 $140 Bxh2+ $1 (12... e5 $143) 13. Kxh2
Ng4+ 14. Kg1 $8 {[%csl Yg1][%cal Yg1f1]} Qh4 $1 (14... Rxf1+ $2 15. Kxf1 Qh4
16. Nf4 $16) 15. Rxf8+ (15. Bf4 $4 Rxf4 {[%csl Rg1][%cal Gh4h2]} 16. Rxf4 Qh2+
17. Kf1 Qh1+ 18. Ng1 Ne3+ $19 {[%csl Rc2,Rf1]}) 15... Kxf8 16. Bf4 (16. Nf4 $4
dxc4 $1 {[%csl Gc8]} 17. Bxc4 (17. Be2 $4 Qh2+ 18. Kf1 Qh1#) (17. Bf1 $4 Qh2#)
17... Qe1+ 18. Bf1 Ba6 {[%csl Rf1]} 19. Nce2 $140 Qf2+ $19 {[%csl Rf1]}) 16...
Qf2+ 17. Kh1 Qh4+ $11) 11... Ba6 12. b3 $6 ({From my point of view it is
necessary:} 12. cxd5 $5 Bxd3 13. Qxd3 cxd5 14. e4 fxe4 15. fxe4 dxe4 16. Nxe4
Nxe4 17. Rxf8+ Qxf8 18. Qxe4 $11) 12... Rc8 13. e4 fxe4 $1 {Is the best move.}
14. fxe4 $140 e5 15. exd5 $6 ({Probably better is:} 15. cxd5 cxd5 (15... Bxd3
$143 16. Qxd3 cxd5 $11) 16. Bxa6 Nxa6 {=/=/+}) 15... cxd5 $140 16. Bf5 $2 {
[%mdl 8192]} ({Can be recommended:} 16. dxe5 Bxe5 $140 17. Bg5 {=/=/+}) ({
Dubious:} 16. cxd5 {because of:} exd4 $1 $36) 16... exd4 $1 (16... Rb8 $2 $13)
17. Bxc8 (17. Nxd4 $2 Bc5 {[%csl Rd4]}) 17... Bc5 $1 $17 {[%csl Rc2,Rg1][%cal
Gd4d3][%mdl 64] Very strong intermediate move! Differntly after:} (17... Qxc8
$2 18. Nxd4 dxc4 19. b4 {white has a material advantage.}) 18. Kh1 $8 (18. Kh2
$4 Ng4+ {[%csl Rf1]} 19. Bxg4 Rxf1 $19) 18... Qxc8 19. Na4 $8 (19. Nxd5 $4
Ncxd5 20. cxd5 d3 $19 {[%csl Ya6,Rc2,Gd3,Re2]}) ({Dubious:} 19. b4 $6 {in view
of:} dxc3 20. bxc5 Bxc4 $17) 19... dxc4 20. bxc4 (20. Nxc5 $2 {is refuted by:}
d3 $1 $19 {[%csl Rc5,Re2,Rf1][%cal Gd3e2]}) 20... Bb7 $1 {[%csl Rh1][%cal
Gc8h3]} 21. Qb3 ({Loses right away:} 21. Qf5 $4 Nd7 $19 {[%csl Rf1,Gf8]}) ({
Another alternative is:} 21. Nf4 Bd6 $36 (21... Nh5 $143 {[%cal Gh5g3]} 22.
Nxc5 Ng3+ 23. Kg1 Nxf1 24. Nxb7 Qxb7 $15)) 21... Ne6 22. Bf4 $2 {[%mdl 8192]
Again tactical blunder.} ({It is necessary:} 22. Nxc5 Nxc5 23. Qg3 Nce4 24. Qd3
Ng4 $1 $17) ({Loses:} 22. Nf4 $2 {because of:} Nh5 $19) 22... Qc6 $1 {[%csl
Ra4,Rg2][%cal Gd4d3]} 23. Rf3 $8 (23. Rg1 $143 d3 24. Qxd3 (24. Nxc5 Nxc5 $19 {
[%csl Rb3,Re2]}) 24... Qxa4 $19) (23. Qf3 $143 Qxf3 24. gxf3 d3 {[%csl Re2,Rf4]
} 25. Nxc5 bxc5 $19) 23... d3 $1 {[%csl Ra4,Re2,Rg2][%cal Ge6f4]} 24. Nxc5 Nxc5
$19 {[%csl Rb3,Re2]} 25. Qa2 dxe2 26. Qxe2 Qd7 $5 {[%csl Rf3,Rh3]} ({Also wins:
} 26... Nh5 $5 27. Raf1 Rxf4 28. Rxf4 Nxf4 (28... Ng3+ $143 29. Kh2 Nxf1+ (
29... Nxe2 $4 30. Rf8#) 30. Qxf1 $19) 29. Rxf4 $19) 27. Re3 {[%csl Ye3][%cal
Ye3h3]} Nfe4 {[%csl Rf4]} 28. Rf1 Qf5 $5 {[%csl Rf1][%cal Gg7g5,Gc5e6] with
the idea 29...g5 or 29...Ne6} 29. Ref3 $8 Nf6 (29... Qh5 $5) 30. Bd6 $8 Bxf3
31. Rxf3 Qb1+ (31... Qe4 $5 32. Qxe4 Ncxe4 33. Bxf8 Kxf8 $19) 32. Kh2 $8 $138 (
32. Rf1 $143 $2 Re8 33. Qxe8+ Nxe8 {[%csl Rh1]} 34. Rxb1 Nxd6 $19) 32... Ra8 $2
{Serious inaccuracy.After this move I have a some odds for draw.} ({Quite
enough for win:} 32... Qe4 $19) ({or} 32... Rf7 $5 33. Rxf6 gxf6 (33... Rxf6 $4
34. Qe8+ Rf8 35. Qxf8#) 34. Qg4+ Qg6 35. Qc8+ Kg7 $19) (32... Re8 $4 33. Qxe8+
Nxe8 34. Rf8#) 33. Bxc5 bxc5 34. Qe6+ Kh8 35. Rxf6 $1 $17 {[]} Qb8+ $1 ({After:
} 35... gxf6 $2 36. Qxf6+ Kg8 37. Qe6+ Kg7 (37... Kf8 38. Qf6+ {[%cal Gf6h8]})
38. Qe7+ Kh6 (38... Kg6 39. Qe6+ {[%csl Ra8][%cal Ge6d5]}) 39. Qh4+ {[%csl Ra8]
} Kg6 40. Qg4+ {[%csl Ra8][%cal Gg4f3]} Kh6 41. Qh4+ Kg7 42. Qe7+ $11 {-only
draw.}) 36. Kg1 $2 $138 ({Much better is:} 36. Kh1 {[%csl Rg1,Yh1][%cal Yg1h1]
with some odds for draw.}) (36. g3 $4 Qb2+ $19 {[%csl Rf6,Rh2][%cal Gb2f6]})
36... gxf6 37. Qxf6+ {[%mdl 1024]} Kg8 38. Qe6+ Kf8 39. Qf6+ Ke8 40. Qe6+ (40.
Qh8+ $2 Kd7 41. Qxh7+ Kc6 42. Qe4+ Kb6 43. Qe6+ Ka5 $19) 40... Kd8 41. Qd5+ Ke7
42. Qg5+ $1 (42. Qe4+ $2 Kf6 43. Qf3+ (43. Qc6+ Kg7 44. Qd7+ Kh8) 43... Kg7 44.
Qc3+ Kg8 $19 {[%csl Yb8,Rg3]}) 42... Ke6 43. Qh6+ Ke5 (43... Kf5 $142 $19 {
[%csl Rc4,Gf5][%cal Gf5e4,Ge4d4,Ge4d3,Gf5e5,Ge5e4,Ge5d4]}) 44. Qe3+ Kd6 45.
Qh6+ Kc7 46. Qxh7+ Kb6 47. Qg6+ Ka5 48. Qc6 {[%csl Ra8,Rc5]} a6 $19 49. Qxc5+
Ka4 50. Qd4 {[%cal Gc4c5]} Kxa3 51. Qa1+ (51. c5 $143 Qb1+ 52. Kh2 Rb8 $19)
51... Kb4 52. Kh1 $5 {[%csl Rg1,Yh1] /\Qb2+ with eternal check.} ({Badly right
away:} 52. Qb2+ {because of:} Kxc4 53. Qc2+ Kb5 54. Qb3+ Kc6 55. Qe6+ Kb7 56.
Qd5+ Ka7 57. Qd7+ Qb7 $19 {[%csl Rg1]}) 52... Qh8 ({In my opinion slightly
better is:} 52... Qd8 $5) 53. Qb1+ Ka3 54. Qd3+ Ka2 55. Qc2+ Qb2 56. Qa4+ Kb1
57. c5 {[%csl Ra8,Rb1][%cal Ga4e4]} Rd8 58. Qe4+ (58. Qxa6 $4 Rd1+ 59. Kh2 Qe5+
60. g3 Qb2+) 58... Kc1 59. Qc4+ Qc2 60. Qxa6 Rd1+ 61. Kh2 Qxc5 62. Qh6+ Kc2 63.
Qg6+ Kd2 64. Qh6+ Kc3 65. Qf6+ Qd4 66. Qc6+ Kb4 67. Qb7+ Kc5 68. Qc7+ Kd5 69.
Qd7+ Ke4 70. Qh7+ Ke3 71. Qe7+ Qe4 72. Qc5+ Rd4 73. Qc1+ Ke2 74. Qb2+ Rd2 75.
Qb5+ Ke1 76. Qg5 Kd1 77. h4 $2 {Additional weakness(Ph4).} ({More stubborn
resistance after:} 77. Qh5+) 77... Rd4 78. Kh3 Qe6+ 79. Kh2 Rg4 80. Qh5 $2 {
[%mdl 8192]} (80. Qd8+ $142 Ke2 $19) 80... Qe4 {[%csl Rg2,Rh4]} 81. g3 $8 (81.
Kh3 Qxg2#) 81... Qe2+ {Please pay your attention to the piece path of the
white queen and of the black king and queen.} (81... Qe2+ 82. Kh3 (82. Kh1 Qf3+
83. Kh2 Qxg3+ 84. Kh1 Qg1#) 82... Rxg3+ 83. Kxg3 Qxh5) 0-1